| 000 | 01098nam a2200361 a 4500 | ||
|---|---|---|---|
| 003 | AR-BaBNM | ||
| 005 | 20251128203914.0 | ||
| 008 | 082120s2002 ||||||||||||||000 | spa|| | ||
| 040 | _cAR-BaBNM | ||
| 245 | 0 | 0 |
_aProyectos constructivistas _b1er ciclo |
| 260 |
_aBuenos Aires _bVocación Docente _c1993 |
||
| 300 |
_a222 p. _bil. |
||
| 500 | _aEste material se complementa con fichas de ejercitación para el alumno | ||
| 650 | 4 | _aEDUCACION BASICA | |
| 650 | 4 | _aPROYECTOS | |
| 650 | 4 | _aACTIVIDADES DE APRENDIZAJE | |
| 650 | 4 | _aMATEMATICA | |
| 650 | 4 | _aENSEÑANZA DE LAS MATEMATICAS | |
| 650 | 4 | _aGEOMETRIA | |
| 650 | 4 | _aARITMETICA | |
| 650 | 4 | _aCALCULO | |
| 653 | _aCONSTRUCTIVISMO | ||
| 653 | _aEDUCACION PRIMARIA | ||
| 700 | 1 |
_aMéndez, Liliana _ecoordinador |
|
| 700 | 1 |
_aTarchini, Enrique _ecoordinador |
|
| 700 | 1 |
_aScheiner, Ernesto Julio _ecolaborador |
|
| 700 | 1 |
_aRossetti, Alejandro _ecolaborador |
|
| 700 | 1 |
_aRossi, Carlos E. _ecolaborador |
|
| 700 | 1 |
_aCalzetti, Sandra _ecolaborador |
|
| 700 | 1 |
_aZorzoli, Gustavo _ecolaborador |
|
| 942 | _cBK | ||
| 998 | _cMarce | ||
| 999 |
_c5421 _d5421 |
||